MARC

LEADER 00000nlm0a2200000 4500
001 190222
005 20231101224253.0
035 |a (RuTPU)RU\TPU\book\207137 
090 |a 190222 
100 |a 20110119d2010 m y0rusy50 ca 
101 0 |a rus 
102 |a RU 
105 |a a j 001zy 
135 |a drcn ---uucaa 
181 0 |a i  
182 0 |a b 
200 1 |a Биология  |b Электронный ресурс  |e учебное пособие  |f Н. Г. Наливайко  |g Национальный исследовательский Томский политехнический университет (ТПУ) 
203 |a Текст  |c электронный 
210 |a Томск  |c Изд-во ТПУ  |d 2010 
230 |a 1 компьютерный файл (pdf; 5.0 MB) 
300 |a Заглавие с титульного экрана 
300 |a Электронная версия печатной публикации 
333 |a Режим доступа: из корпоративной сети ТПУ 
337 |a Adobe Reader 
452 1 |0 (RuTPU)RU\TPU\book\201802  |y 978-5-98298-659-7  |t Биология  |o учебное пособие  |f Н. Г. Наливайко  |g Национальный исследовательский Томский политехнический университет (ТПУ)  |c Томск  |n Изд-во ТПУ  |d 2010  |p 176 с.  |a Наливайко, Нина Григорьевна 
606 1 |a Биология  |2 stltpush  |3 (RuTPU)RU\TPU\subj\68258  |9 83692 
610 1 |a жизнь 
610 1 |a живой мир 
610 1 |a живые организмы 
610 1 |a химические компоненты 
610 1 |a структурные компоненты 
610 1 |a питание 
610 1 |a энергия 
610 1 |a координация 
610 1 |a регуляция 
610 1 |a размножение 
610 1 |a наследственность 
610 1 |a изменчивость 
610 1 |a эволюция 
610 1 |a систематика 
610 1 |a неклеточные формы жизни 
610 1 |a надорганизменные уровни 
610 1 |a учебные пособия 
610 1 |a труды учёных ТПУ 
610 1 |a электронный ресурс 
675 |a 57(075.8)  |v 3 
700 1 |a Наливайко  |b Н. Г.  |c российский гидрогеолог  |c доцент Томского политехнического университета, кандидат геолого-минералогических наук  |f 1946-  |g Нина Григорьевна  |2 stltpush  |3 (RuTPU)RU\TPU\pers\26084 
712 0 2 |a Национальный исследовательский Томский политехнический университет (ТПУ)  |c (2009- )  |2 stltpush  |3 (RuTPU)RU\TPU\col\15902 
801 1 |a RU  |b 63413507  |c 20110119 
856 4 |u http://www.lib.tpu.ru/fulltext2/m/2011/m08.pdf 
942 |c CF